Prospects of intelligent building technologies in Pakistan / (Record no. 535631)

000 -LEADER
fixed length control field 00515nam a22001577a 4500
020 ## - INTERNATIONAL STANDARD BOOK NUMBER
Qualifying information Hard Cover.
082 ## - DEWEY DECIMAL CLASSIFICATION NUMBER
Classification number 624.1
100 ## - MAIN ENTRY--PERSONAL NAME
Personal name Raza, Maryam
245 ## - TITLE STATEMENT
Title Prospects of intelligent building technologies in Pakistan /
Statement of responsibility, etc. Martam Raza.
260 ## - PUBLICATION, DISTRIBUTION, ETC.
Place of publication, distribution, etc. Islamabad :
Name of publisher, distributor, etc. NIT - NUST,
Date of publication, distribution, etc. 2013.
300 ## - PHYSICAL DESCRIPTION
Extent xi, 91 p. : ill. ;
Dimensions 30cm.
650 ## - SUBJECT ADDED ENTRY--TOPICAL TERM
Topical term or geographic name entry element Construction Engineering and Management
700 ## - ADDED ENTRY--PERSONAL NAME
Personal name Dr. Hamza Farooq Gabriel.
942 ## - ADDED ENTRY ELEMENTS (KOHA)
Source of classification or shelving scheme
Koha item type Thesis
650 ## - SUBJECT ADDED ENTRY--TOPICAL TERM
-- 28972
700 ## - ADDED ENTRY--PERSONAL NAME
-- 27413
Holdings
Withdrawn status Lost status Source of classification or shelving scheme Damaged status Not for loan Permanent Location Current Location Shelving location Date acquired Total Checkouts Full call number Barcode Date last seen Price effective from Koha item type
          Central Library (CL) Central Library (CL) Thesis 09/21/2020   624.1 CL-T-5889 09/21/2020 09/21/2020 Thesis
© 2023 Central Library, National University of Sciences and Technology. All Rights Reserved.